What Jesus demands from the world / (Record no. 118093)
[ view plain ]
| 000 -LEADER | |
|---|---|
| fixed length control field | 00456nam a2200169Ia 4500 |
| 008 - FIXED-LENGTH DATA ELEMENTS--GENERAL INFORMATION | |
| fixed length control field | 140609s9999 xx 000 0 und d |
| 020 ## - INTERNATIONAL STANDARD BOOK NUMBER | |
| International Standard Book Number | 9789718342367 |
| 050 ## - LIBRARY OF CONGRESS CALL NUMBER | |
| Classification number | BS 2415 |
| Item number | .P49 2006 |
| 100 ## - MAIN ENTRY--PERSONAL NAME | |
| Personal name | Piper, John. |
| 245 ## - TITLE STATEMENT | |
| Title | What Jesus demands from the world / |
| Statement of responsibility, etc | John Piper |
| 260 ## - PUBLICATION, DISTRIBUTION, ETC. (IMPRINT) | |
| Place of publication, distribution, etc | Wheaton, Ill. : |
| Name of publisher, distributor, etc | Crossway Books, |
| Date of publication, distribution, etc | c2006. |
| 300 ## - PHYSICAL DESCRIPTION | |
| Extent | 400 p. ; |
| Dimensions | 23 cm. |
| 500 ## - GENERAL NOTE | |
| General note | Includes index. |
| 521 ## - TARGET AUDIENCE NOTE | |
| Target audience note | |
| 942 ## - ADDED ENTRY ELEMENTS (KOHA) | |
| Call number prefix | Foreign |
| Koha item type | Books |
| Withdrawn status | Lost status | Damaged status | Home library | Current library | Shelving location | Date acquired | Cost, normal purchase price | Total Checkouts | Full call number | Barcode | Date last seen | Price effective from | Koha item type |
|---|---|---|---|---|---|---|---|---|---|---|---|---|---|
| College Library | College Library | General Circulation Section | 06/09/2014 | 395.00 | BS 2415 .P49 2006 | C18381 | 05/15/2018 | 06/09/2014 | Books |